Statistics for General Knowlege quiz #300

Click here to take the quiz!

General Stats

  • This quiz has been taken 50 times
  • The average score is 9 of 15

Answer Stats

QuestionAnswer% Correct
Who was the first man to land on the moon?Neil Armstrong
98%
Who wrote the Harry Potter series?J.K Rowling
96%
How many children does Queen Elizabeth have?4
96%
What is the capital of Hawaii?Honolulu
89%
The capital of New Zealand is...Wellington
70%
In which year did Twitter launch?2006
68%
What kind of animal is Sid in the Ice Age movie?Sloth
66%
Which country beginning with N borders South Africa?Namibia
62%
What country is inside South Africa?Lesotho
55%
The tallest building in the world is called?Burj Khalifa
55%
How many keys does a grand piano have?88
53%
How many feathers are used to make a shuttle in badminton?16
40%
what is the longest river in the UK?River Severn
30%
Name the original singer of 'Before You Go' ?Lewis Capaldi
15%
What is Adele's (the singer) last name?Adkins
13%

Score Distribution

Percentile by Number Answered

Percent of People with Each Score

Your Score History

You have not taken this quiz